La seule capitale commençant par... - Statistiques

Statistiques générales
  • Ce quiz a été pris 99 fois
  • Le résultat moyen est 29 sur 57
Statistiques - réponses
Début Capitale % Correct
Jé... Jérusalem
79%
Lj... Ljubljana
79%
Ja... Jakarta
77%
Os... Oslo
74%
Ad... Addis-Abeba
72%
We... Wellington
72%
Ot... Ottawa
70%
Za... Zagreb
70%
Qu... Quito
67%
Tb... Tbilissi
67%
Pé... Pékin
65%
Sk... Skopje
65%
Wa... Washington
65%
Er... Erevan
64%
He... Helsinki
64%
Nd... Ndjamena
62%
Is... Islamabad
58%
Ph... Phnom Penh
58%
Sé... Séoul
58%
Ap... Apia
57%
Kh... Khartoum
57%
At... Athènes
56%
Du... Dublin
56%
Fr... Freetown
56%
Mb... Mbabane
56%
Py... Pyongyang
55%
St... Stockholm
55%
Al... Alger
52%
Gu... Guatemala
52%
Re... Reykjavik
52%
Bo... Bogotá
50%
Ch... Chișinău
50%
Di... Dili
50%
Ra... Rabat
49%
Ti... Tirana
49%
Ko... Koweït
47%
Fu... Funafuti
44%
Ga... Gaborone
44%
Sr... Sri Jayawardenapura Kotte
43%
Ku... Kuala Lumpur
42%
Me... Mexico
41%
Tu... Tunis
41%
Gi... Gitega
38%
Th... Thimphou
38%
Wi... Windhoek
38%
So... Sofia
37%
Tr... Tripoli
37%
To... Tokyo
34%
Si... Singapour
33%
Bl... Bloemfontein
31%
Ng... Ngerulmud
31%
Mi... Minsk
30%
Ge... Georgetown
29%
Ho... Honiara
28%
Ne... New Delhi
28%
Nu... Nukuʻalofa
27%
No... Nouakchott
24%
Aucun quiz correspondant
Distribution des résultats
% des personnes avec chaque résultat
Percentile par nombre de réponses
Votre historique - résultats
Vous n’avez pas pris ce quiz